La Tequila - Quizz (niveau barman) - Statistiques

Statistiques générales
  • Ce quiz a été pris 88 fois
  • Le résultat moyen est 3 sur 7
Statistiques - réponses
Question Réponse % Correct
Quelle est la variété d’agave utilisée pour la fabrication de la Tequila ? agave bleue
90%
Lequel de ces états ne fait partie des états de production de tequila? Tabasco
67%
Qu'est ce que le Jimador ? le fermier des champs d'agaves
59%
Combien de temps faut-il en fût a une tequila pour avoir l'appellation "reposado"? 2 mois
41%
Qu'est ce que c'est le "Pulque" ? le vin de maguey
26%
Laquelle de ces marques ne produit pas de tequila ? Ungava
26%
A combien titre la bonne chauffe ? entre 50 et 55°
10%
Aucun quiz correspondant
Distribution des résultats
% des personnes avec chaque résultat
Percentile par nombre de réponses
Votre historique - résultats
Vous n’avez pas pris ce quiz